000 00758nam a2200229Ia 4500
003 OSt
005 20220930095024.0
006 a|||||r|||| 00| 0
007 ta
008 220926b |||||||| |||| 00| 0 hin d
024 _a66996
037 _cTheses
040 _aCRL
_cCRL
_bhin
041 _2hin
_ahin
245 0 _aमानवीय भावोद्दीपन में संगीत की भूमिका
_b एक विश्लेषणात्मक अध्ययन
246 _aMānavīya bhāvoddīpan mean sangīt kī bhūmikā: ek vishleṣhaṇātmak adhyayana
260 _c2019
300 _a353पृ0
_ap.
_ccm.
650 _aसंगीत शास्त्र
942 _cDIS
_2CC
999 _c888179
_d888179